00848cam a2200241 a 4500003000500000005001700005008004100022010001000063011001000073020001500083035001000098040000900108082001200117100002600129245010600155260004400261300002300305490004100328650003900369650004800408711010900456830004100565CHAP20220329142343.0000914d1997 us r 10100 eng d a82245 a83217 a0306460262 a93728 cCHAP04a628bP300aPawloski, Lucjaneed.10aChemistry for the protection of the enviroment 3 :bproceedingsc/ed. by lucjan Pawloski [and others] aNew York, N.Y. :bPlenum Press,c1998.. a344 p. :bgráfs. 0aEnvironmental science researchvv.5514aIngeniería ambientalxCongresos.14aMedio ambientexInvestigaciónxCongresos.0 aInternational Conference on Chemistry for the Protection of the environmentd(11 : 1997 :cCairo, Egypt)0 aEnvironmental science researchvv.55